Normal view
MARC view
- Adiestramiento ocupacional
Entry Materia
001 - NÚMERO DE CONTROL DEL REGISTRO
- campo de control: 412
003 - IDENTIFICADOR DE NUMERO DE CONTROL
- campo de control: MX-MxUPN
005 - FECHA Y HORA DE LA ÚLTIMA TRANSACCIÓN
- campo de control: 20240209115752.0
008 - DATOS DE LONGITUD FIJA
- campo de control de longitud fija: 240209n||acnnnbabn | ana |d
035 ## - NÚMERO DE CONTROL DEL SISTEMA
- Número de control del sistema: UPN10000000412
040 ## - FUENTE DE LA CATALOGACIÓN
- Centro catalogador de origen: MX-MxUPN
- Lengua de catalogación: spa
- Agencia de transcripción: MX-MxUPN
150 ## - ENCABEZAMIENTO - TEMÁTICO
- Término de materia o nombre geográfico como elemento inicial: Adiestramiento ocupacional
- Subdivisión geográfica: Alemania
670 ## - FUENTE EN LA QUE SE LOCALIZARON DATOS
- Cita de la fuente: LC
- Información localizada: Occupational training (May subd. geog.)
902 ## - CATALOGADOR
- Catalogador: MMA/190901
